000 00297nam a22001337a 4500
008 170419b xxu||||| |||| 00| 0 eng d
020 _a9780132396882
041 _aeng
080 _a579
100 _a11
101 _aSHM
245 _aMICROBIOLOGY PERSPECTIVES
_cWISTREICH.G
942 _2udc
_cBK
999 _c11146
_d11146